[Event "European Championship (blitz) 2015"]
[Site "Minsk BLR"]
[Date "2015.12.18"]
[Round "19"]
[White "Zhigalko, Sergei"]
[Black "Mamedov, Rauf"]
[Result "0-1"]
[WhiteElo "2655"]
[BlackElo "2650"]
[PlyCount "82"]
[EventDate "2015.12.18"]

1. e4 g6 2. d4 Bg7 3. Nc3 a6 4. Nf3 d6 5. Be3 Nf6 6. h3 O-O 7. a4 b6 8. Be2 Bb7
9. d5 c6 10. O-O Nbd7 11. Re1 Rc8 12. Bd4 Nc5 13. Bf1 Re8 14. Qd2 cxd5 15. exd5
e5 16. dxe6 Nxe6 17. Be3 Ne4 18. Nxe4 Bxe4 19. Bxa6 Rxc2 20. Qd1 Rxb2 21. Ra3
Rb1 22. Qe2 Bxf3 23. gxf3 Nd4 24. Rxb1 Nxe2+ 25. Bxe2 Qh4 26. Rxb6 d5 27. Bb5
Rxe3 28. fxe3 Qg3+ 29. Kf1 Bf8 30. Rd3 Qxf3+ 31. Kg1 Bc5 32. Rb8+ Kg7 33. Re8
Qxh3 34. Bc6 Qg3+ 35. Kf1 Qf3+ 36. Kg1 Qg4+ 37. Kf1 Qf3+ 38. Kg1 Qe2 39. Bb5
Bd6 40. Rxd5 Qh2+ 41. Kf1 Bg3 0-1

[Event "European Championship (blitz) 2015"]
[Site "Minsk BLR"]
[Date "2015.12.18"]
[Round "20"]
[White "Mamedov, Rauf"]
[Black "Zhigalko, Sergei"]
[Result "0-1"]
[WhiteElo "2650"]
[BlackElo "2655"]
[PlyCount "79"]
[EventDate "2015.12.18"]

1. e4 c5 2. Nf3 Nc6 3. d4 cxd4 4. Nxd4 Nf6 5. Nc3 e5 6. Ndb5 d6 7. Bg5 a6 8.
Na3 b5 9. Nd5 Be7 10. Bxf6 Bxf6 11. c4 b4 12. Nc2 O-O 13. g3 a5 14. h4 Be6 15.
Bg2 a4 16. O-O b3 17. axb3 axb3 18. Nce3 Nd4 19. Qd2 Kh8 20. Qb4 Bxd5 21. cxd5
Qc7 22. Kh2 Rfb8 23. Rfc1 Qd8 24. Rxa8 Rxa8 25. Qb7 Kg8 26. Bh3 Rb8 27. Qa6 h5
28. Kg2 g6 29. Rc3 Kg7 30. Rc8 Rxc8 31. Bxc8 Qc7 32. Nc4 Be7 33. Bb7 Qc5 34.
Qa4 Bd8 35. Ba6 Bb6 36. Qa3 Qxa3 37. Nxa3 Bc5 38. Nb5 Nxb5 39. Bxb5 Bd4 40. Bc4
0-1

[Event "European Championship (blitz) 2015"]
[Site "Minsk BLR"]
[Date "2015.12.18"]
[Round "21"]
[White "Mamedov, Rauf"]
[Black "Belous, Vladimir"]
[Result "1-0"]
[WhiteElo "2650"]
[BlackElo "2557"]
[PlyCount "66"]
[EventDate "2015.12.18"]

1. e4 c5 2. Nf3 Nc6 3. Bb5 d6 4. O-O Bd7 5. c3 Nf6 6. Re1 a6 7. Bc4 Bg4 8. d4
cxd4 9. cxd4 Bxf3 10. gxf3 e6 11. d5 Ne5 12. Bb3 exd5 13. f4 Ng6 14. e5 dxe5
15. fxe5 Ne4 16. Bxd5 Nc5 17. b4 Ne6 18. Bxb7 Qxd1 19. Rxd1 Rd8 20. Rxd8+ Nxd8
21. Bxa6 Bxb4 22. Bd2 Bc5 23. Bb5+ Ke7 24. Nc3 Nxe5 25. Re1 f6 26. Kg2 g5 27.
Bxg5 Ndf7 28. Bh4 Bb4 29. Nd5+ Kd6 30. Nxb4 Kc5 31. Bxf6 Rg8+ 32. Kf1 Kxb5 33.
Bxe5 Kxb4 1-0

[Event "European Championship (blitz) 2015"]
[Site "Minsk BLR"]
[Date "2015.12.18"]
[Round "22"]
[White "Belous, Vladimir"]
[Black "Mamedov, Rauf"]
[Result "0-1"]
[WhiteElo "2557"]
[BlackElo "2650"]
[PlyCount "62"]
[EventDate "2015.12.18"]

1. c4 d6 2. Nf3 g6 3. d4 Bg7 4. Nc3 Nf6 5. e4 O-O 6. h3 e5 7. d5 Nh5 8. g3 Na6
9. Be2 Nc5 10. b4 Nd7 11. Rb1 a5 12. a3 axb4 13. axb4 h6 14. Nh2 f5 15. exf5 e4
16. Nxe4 Ne5 17. g4 gxf5 18. gxh5 fxe4 19. Rg1 Qf6 20. Be3 Bxh3 21. Qc2 Bf5 22.
Ng4 Bxg4 23. Bxg4 Nd3+ 24. Kf1 Kh8 25. Rg2 Ra3 26. Kg1 Rfa8 27. c5 Ra1 28. Rxa1
Rxa1+ 29. Kh2 Qh4+ 30. Bh3 Be5+ 31. Rg3 Ne1 0-1

[Event "European Championship (blitz) 2015"]
[Site "Minsk BLR"]
[Date "2015.12.18"]
[Round "1"]
[White "Riazantsev, Alexander"]
[Black "Pashkouski, Leu"]
[Result "1-0"]
[WhiteElo "2646"]
[BlackElo "1942"]
[PlyCount "53"]
[EventDate "2015.12.18"]

1. d4 Nf6 2. Nf3 g6 3. c4 Bg7 4. Nc3 O-O 5. e4 d6 6. h3 e5 7. d5 Nbd7 8. Be3
Nh5 9. g3 f5 10. exf5 gxf5 11. Nxe5 Nxe5 12. Qxh5 Bd7 13. O-O-O a5 14. f4 Be8
15. Qe2 Nd7 16. Qd2 Bh5 17. Re1 Bf3 18. Rg1 Nf6 19. Bd3 Ne4 20. Bxe4 fxe4 21.
Bd4 Re8 22. Bxg7 Kxg7 23. Qd4+ Kg8 24. Nxe4 Bxe4 25. Rxe4 Rxe4 26. Qxe4 Qd7 27.
Qe6+ 1-0

[Event "European Championship (blitz) 2015"]
[Site "Minsk BLR"]
[Date "2015.12.18"]
[Round "2"]
[White "Pashkouski, Leu"]
[Black "Riazantsev, Alexander"]
[Result "0-1"]
[WhiteElo "1942"]
[BlackElo "2646"]
[PlyCount "66"]
[EventDate "2015.12.18"]

1. e4 c6 2. d4 d5 3. Nc3 dxe4 4. Nxe4 Bf5 5. Ng3 Bg6 6. Nf3 Nd7 7. h4 h6 8. h5
Bh7 9. Bc4 e6 10. Qe2 Ngf6 11. Bf4 Qa5+ 12. c3 Be7 13. Be5 O-O 14. O-O-O b5 15.
Bb3 c5 16. Bxf6 Bxf6 17. d5 exd5 18. Rxd5 c4 19. Bxc4 Qc7 20. Rxb5 Rae8 21. Qf1
Nb6 22. Bd3 Bxd3 23. Qxd3 Rd8 24. Qc2 a6 25. Rf5 Nc4 26. Ne4 Be7 27. g4 Rb8 28.
b3 Na3 29. Qd3 Rfd8 30. Qe3 Nb5 31. g5 Qa5 32. gxh6 Qxa2 33. Rg1 Ba3# 0-1

[Event "European Championship (blitz) 2015"]
[Site "Minsk BLR"]
[Date "2015.12.18"]
[Round "3"]
[White "Olenina, Aysa"]
[Black "Riazantsev, Alexander"]
[Result "1-0"]
[WhiteElo "2069"]
[BlackElo "2646"]
[PlyCount "59"]
[EventDate "2015.12.18"]

1. d4 Nf6 2. c4 e6 3. Nf3 d5 4. Nc3 Be7 5. Bg5 O-O 6. e3 Nbd7 7. Bd3 dxc4 8.
Bxc4 a6 9. Bd3 b5 10. a4 b4 11. Ne4 a5 12. Nxf6+ Nxf6 13. Qc2 h6 14. Bxf6 Bxf6
15. O-O Bb7 16. Rac1 Rc8 17. Rfd1 Be7 18. Bh7+ Kh8 19. Be4 Bxe4 20. Qxe4 Qe8
21. Qc6 Bd6 22. e4 Bf4 23. Rc4 Qe7 24. g3 Bg5 25. h4 Bxh4 26. Nxh4 Qg5 27. Nf3
Qh5 28. Kg2 f5 29. Rh1 Qf7 30. Ne5 1-0

[Event "European Championship (blitz) 2015"]
[Site "Minsk BLR"]
[Date "2015.12.18"]
[Round "4"]
[White "Riazantsev, Alexander"]
[Black "Olenina, Aysa"]
[Result "0-1"]
[WhiteElo "2646"]
[BlackElo "2069"]
[PlyCount "166"]
[EventDate "2015.12.18"]

1. e4 c6 2. d4 d5 3. Nd2 dxe4 4. Nxe4 Bf5 5. Ng3 Bg6 6. Nf3 Nd7 7. Bd3 e6 8.
O-O Qc7 9. c4 Ngf6 10. b3 Bd6 11. Bb2 O-O 12. Qc2 a5 13. Rad1 a4 14. Rfe1 Rfe8
15. Ne5 axb3 16. axb3 Ra2 17. Qb1 Raa8 18. Bxg6 hxg6 19. c5 Be7 20. Nc4 Nd5 21.
Ne4 N7f6 22. Ned6 Bxd6 23. Nxd6 Red8 24. h3 Ne8 25. Nc4 b5 26. cxb6 Nxb6 27.
Qc2 Nd5 28. Ne5 Rdc8 29. Rc1 Ra6 30. Bc3 Nd6 31. Bd2 Nf5 32. Qc4 Qb7 33. b4 Rb6
34. Rb1 Rb8 35. Rec1 Nfe7 36. Rb2 Ra6 37. Nd3 Raa8 38. Nc5 Qb5 39. Ne4 Qxc4 40.
Rxc4 Ra1+ 41. Kh2 Rd1 42. Nc3 Nxc3 43. Rxc3 Ra1 44. Bf4 Rd8 45. Rc4 f6 46. Bc7
Rd7 47. Bb6 Ra4 48. Bc5 Nd5 49. Rc1 Rb7 50. Bd6 Ra6 51. Re1 Kf7 52. Rc1 g5 53.
Rbc2 Nxb4 54. Bxb4 Rxb4 55. Rxc6 Rxc6 56. Rxc6 Rxd4 57. f3 f5 58. Kg3 Rd2 59.
Rc5 Kf6 60. Ra5 g6 61. Ra6 Re2 62. Rb6 Ke5 63. Rb5+ Kf6 64. Rb6 f4+ 65. Kh2 Kf5
66. Rb5+ e5 67. Rb8 Rd2 68. Rf8+ Ke6 69. Re8+ Kf6 70. Rf8+ Ke7 71. Rg8 Kf7 72.
Rb8 e4 73. fxe4 Re2 74. Rb4 Kf6 75. Ra4 Ke5 76. Ra5+ Kf6 77. Ra4 f3 78. Kg3
fxg2 79. Kh2 Ke5 80. Ra5+ Kf4 81. Ra4 Kf3 82. Ra3+ Kf2 83. Rg3 Kf1 0-1

[Event "European Championship (blitz) 2015"]
[Site "Minsk BLR"]
[Date "2015.12.18"]
[Round "5"]
[White "Riazantsev, Alexander"]
[Black "Efanov, Nikolai"]
[Result "1-0"]
[WhiteElo "2646"]
[BlackElo "2399"]
[PlyCount "76"]
[EventDate "2015.12.18"]

1. d4 d6 2. Nf3 g6 3. c4 Bg7 4. Nc3 Nd7 5. g3 e5 6. Bg2 Ne7 7. O-O O-O 8. e3 f5
9. b4 a5 10. bxa5 e4 11. Nd2 Rxa5 12. a4 Nf6 13. Nb3 Ra8 14. a5 Be6 15. Ra4 c6
16. Ba3 Re8 17. Qe2 Bf7 18. Rb1 g5 19. Rb4 Ra7 20. Qb2 Ng6 21. Nd2 Re7 22. Ra4
Rd7 23. Qb6 Qa8 24. a6 bxa6 25. Qb8+ Rd8 26. Qxa8 Raxa8 27. Rb6 Be8 28. Raxa6
Rxa6 29. Rxa6 Rb8 30. Bxd6 Rb2 31. Ra2 Rb7 32. Bf1 h5 33. c5 Bf7 34. Bc4 Nd5
35. Nxd5 cxd5 36. Bb3 Ne7 37. Ra6 Bf8 38. c6 Rb5 1-0

[Event "European Championship (blitz) 2015"]
[Site "Minsk BLR"]
[Date "2015.12.18"]
[Round "6"]
[White "Efanov, Nikolai"]
[Black "Riazantsev, Alexander"]
[Result "0-1"]
[WhiteElo "2399"]
[BlackElo "2646"]
[PlyCount "62"]
[EventDate "2015.12.18"]

1. e4 c6 2. Nc3 d5 3. Qe2 d4 4. Nd1 e5 5. g3 Nf6 6. d3 Bb4+ 7. c3 Ba5 8. Bd2
O-O 9. Bh3 Na6 10. c4 b5 11. cxb5 cxb5 12. Bxa5 Qxa5+ 13. Qd2 Qa4 14. f3 Nb4
15. b3 Qa3 16. Nf2 h6 17. Rc1 a5 18. Ne2 Qxa2 19. Qxa2 Nxa2 20. Rc2 Nb4 21. Rd2
Bxh3 22. Nxh3 Nd7 23. Kf2 Nc5 24. Rhd1 Nxb3 25. Rb2 Nc5 26. Nc1 Rfb8 27. Ke2
Nba6 28. Kd2 a4 29. Rc2 b4 30. Ne2 a3 31. Rb1 b3 0-1

[Event "European Championship (blitz) 2015"]
[Site "Minsk BLR"]
[Date "2015.12.18"]
[Round "7"]
[White "Pankov, German"]
[Black "Riazantsev, Alexander"]
[Result "0-1"]
[WhiteElo "2404"]
[BlackElo "2646"]
[PlyCount "117"]
[EventDate "2015.12.18"]

1. d4 Nf6 2. Bg5 e6 3. e3 h6 4. Bh4 d6 5. Nf3 g5 6. Bg3 Nh5 7. Bd3 Bg7 8. Nbd2
Nxg3 9. hxg3 Nc6 10. c3 Qe7 11. e4 Bd7 12. Qe2 O-O-O 13. O-O-O Kb8 14. Kb1 h5
15. Nc4 g4 16. Nh4 Qg5 17. Ne3 Bh6 18. Bc2 Ne7 19. Rde1 Rde8 20. Qd3 Bb5 21.
Qd1 Rhf8 22. Ba4 a6 23. Bxb5 Qxb5 24. f4 gxf3 25. gxf3 Rg8 26. Rhg1 Nc8 27. f4
Nb6 28. Qe2 Qxe2 29. Rxe2 Bxf4 30. Nf1 Rg7 31. Rh1 Bg5 32. Nf3 Reg8 33. Rxh5
Be7 34. Rf2 Kc8 35. Kc2 Kd7 36. Kd3 Ke8 37. Rfh2 Nd7 38. Rh8 Nf6 39. Rxg8+ Rxg8
40. a4 d5 41. exd5 Nxd5 42. Ne5 Bd6 43. Re2 Ne7 44. Rg2 Bxe5 45. dxe5 Rg5 46.
Re2 Ng6 47. Kd4 Ne7 48. Kd3 Nc6 49. Ne3 Nxe5+ 50. Ke4 Nd7 51. g4 Nc5+ 52. Kf4
Rg8 53. Nd5 Kd8 54. Nf6 Rh8 55. Rd2+ Ke7 56. g5 Rh4+ 57. Kg3 Ne4+ 58. Nxe4 Rxe4
59. a5 0-1

[Event "European Championship (blitz) 2015"]
[Site "Minsk BLR"]
[Date "2015.12.18"]
[Round "8"]
[White "Riazantsev, Alexander"]
[Black "Pankov, German"]
[Result "1-0"]
[WhiteElo "2646"]
[BlackElo "2404"]
[PlyCount "73"]
[EventDate "2015.12.18"]

1. d4 d5 2. c4 e5 3. dxe5 d4 4. Nf3 Nc6 5. a3 a5 6. Nbd2 Nge7 7. Nb3 Nf5 8. Bg5
Be7 9. Bxe7 Qxe7 10. Nbxd4 Ncxd4 11. Nxd4 Qxe5 12. e3 O-O 13. Nxf5 Bxf5 14. Qd4
Qxd4 15. exd4 Rad8 16. O-O-O Rfe8 17. b3 g6 18. Kb2 h5 19. Kc3 Kg7 20. Bd3 Kf6
21. Rhe1 Bg4 22. f3 Bf5 23. d5 Bxd3 24. Kxd3 h4 25. Kd4 h3 26. g3 b6 27. Re4
Rxe4+ 28. fxe4 c5+ 29. Ke3 Ke5 30. Rf1 f6 31. a4 Rh8 32. Rf4 f5 33. exf5 gxf5
34. Rh4 Rg8 35. Rxh3 Rg4 36. Rh4 Rg8 37. Rh6 1-0

[Event "European Championship (blitz) 2015"]
[Site "Minsk BLR"]
[Date "2015.12.18"]
[Round "9"]
[White "Riazantsev, Alexander"]
[Black "Navara, David"]
[Result "1-0"]
[WhiteElo "2646"]
[BlackElo "2730"]
[PlyCount "93"]
[EventDate "2015.12.18"]

1. d4 d5 2. c4 c6 3. Nc3 Nf6 4. e3 e6 5. Bd3 Nbd7 6. b3 Bd6 7. f4 c5 8. Nf3
cxd4 9. exd4 b6 10. O-O O-O 11. f5 e5 12. cxd5 exd4 13. Nb5 Nc5 14. Nxd6 Qxd6
15. Nxd4 Nxd3 16. Qxd3 Qxd5 17. Bb2 Bb7 18. Qg3 Ne4 19. Qg4 h5 20. Qf4 Rfe8 21.
Nf3 f6 22. Rad1 Qc5+ 23. Bd4 Qc2 24. Rc1 Qxa2 25. Rc7 Bd5 26. Rd7 Qxb3 27. h3
Rf8 28. Rc1 Rf7 29. Rcc7 Rxd7 30. Rxd7 Rc8 31. Kh2 a5 32. Ra7 Qc2 33. Rd7 Qc6
34. Re7 Qd6 35. Qxd6 Nxd6 36. Nh4 Rc4 37. Bf2 Ne4 38. Bxb6 a4 39. Ra7 Ng5 40.
Rd7 Rxh4 41. Rxd5 Rb4 42. Be3 Ne4 43. Ra5 h4 44. Ra7 Ng3 45. Bf2 Nxf5 46. Ra5
Ne7 47. Ra7 1-0

[Event "European Championship (blitz) 2015"]
[Site "Minsk BLR"]
[Date "2015.12.18"]
[Round "10"]
[White "Navara, David"]
[Black "Riazantsev, Alexander"]
[Result "0-1"]
[WhiteElo "2730"]
[BlackElo "2646"]
[PlyCount "69"]
[EventDate "2015.12.18"]

1. d4 e6 2. c4 f5 3. g3 Nf6 4. Bg2 d5 5. Nf3 Bd6 6. c5 Be7 7. b4 O-O 8. Bf4 Bd7
9. Nbd2 Be8 10. Ne5 Nc6 11. Nxc6 Bxc6 12. a4 Ne4 13. Nf3 Be8 14. h4 a6 15. Ne5
Bh5 16. f3 Nf6 17. b5 Nd7 18. O-O Nxe5 19. Bxe5 Bf6 20. Qd2 Bxe5 21. dxe5 f4
22. gxf4 Qxh4 23. e3 Bg6 24. Qf2 Qe7 25. Rac1 axb5 26. axb5 d4 27. exd4 Rxf4
28. Ra1 Rd8 29. Rfd1 Rdf8 30. Qg3 Qd7 31. Ra7 Qxb5 32. Kh2 Qb2 33. c6 Qc2 34.
Rf1 Qxc6 35. Kg1 0-1

[Event "European Championship (blitz) 2015"]
[Site "Minsk BLR"]
[Date "2015.12.18"]
[Round "13"]
[White "Riazantsev, Alexander"]
[Black "Grachev, Boris"]
[Result "1/2-1/2"]
[WhiteElo "2646"]
[BlackElo "2652"]
[PlyCount "52"]
[EventDate "2015.12.18"]

1. d4 d5 2. c4 e6 3. Nc3 Nf6 4. Bg5 Be7 5. e3 Nbd7 6. Nf3 h6 7. Bh4 O-O 8. Bd3
dxc4 9. Bxc4 a6 10. a4 b6 11. O-O Bb7 12. Qe2 Ne4 13. Bxe7 Nxc3 14. bxc3 Qxe7
15. e4 c5 16. Rab1 cxd4 17. cxd4 Rfc8 18. Bd3 Qd6 19. Rb3 Rc7 20. h3 Qf4 21.
Qe3 Qxe3 22. fxe3 Rac8 23. Nd2 Rc3 24. Rfb1 R3c7 25. Kf2 Kf8 26. Rb4 Ke7
1/2-1/2

[Event "European Championship (blitz) 2015"]
[Site "Minsk BLR"]
[Date "2015.12.18"]
[Round "14"]
[White "Grachev, Boris"]
[Black "Riazantsev, Alexander"]
[Result "1/2-1/2"]
[WhiteElo "2652"]
[BlackElo "2646"]
[PlyCount "30"]
[EventDate "2015.12.18"]

1. d4 g6 2. Nf3 Bg7 3. Bf4 d6 4. e3 Nd7 5. h3 e5 6. Bh2 Nh6 7. Be2 O-O 8. O-O
b6 9. a4 a6 10. c4 a5 11. Nc3 Bb7 12. Nb5 Rc8 13. Na7 Ra8 14. Nb5 Rc8 15. Na7
Ra8 1/2-1/2

[Event "European Championship (blitz) 2015"]
[Site "Minsk BLR"]
[Date "2015.12.18"]
[Round "15"]
[White "Bortnyk, Olexandr"]
[Black "Riazantsev, Alexander"]
[Result "1/2-1/2"]
[WhiteElo "2552"]
[BlackElo "2646"]
[PlyCount "111"]
[EventDate "2015.12.18"]

1. d4 e6 2. Nc3 d5 3. Bf4 Nf6 4. Nb5 Na6 5. e3 c6 6. Nc3 Nb8 7. Nf3 a6 8. Bd3
c5 9. O-O c4 10. Be2 Bb4 11. Na4 Nbd7 12. a3 Be7 13. b4 cxb3 14. cxb3 b5 15.
Nb2 O-O 16. Nd3 Ne4 17. Qc2 Bb7 18. Rfc1 Rc8 19. Qb2 Qb6 20. Nfe5 Nxe5 21. Bxe5
f6 22. Bf4 Rxc1+ 23. Rxc1 Rc8 24. f3 Rxc1+ 25. Qxc1 Nd6 26. Qc5 Nc8 27. Qxb6
Nxb6 28. Nc5 Bc8 29. a4 Bxc5 30. dxc5 bxa4 31. bxa4 Nxa4 32. Bd6 Bb7 33. Kf2
Nc3 34. c6 Bxc6 35. Bxa6 Bb5 36. Bc8 Kf7 37. Bc5 h5 38. Ke1 Na4 39. Bb4 Nb6 40.
Bb7 Nc4 41. Kf2 Ne5 42. Bc3 Nd3+ 43. Kg3 Nc5 44. Ba8 Bd7 45. Bb4 Nd3 46. Bc3
Ne5 47. h4 Nc4 48. Kf2 Bb5 49. Bb4 Nb6 50. Bb7 Nd7 51. Bc3 Nc5 52. Ba8 Nd3+ 53.
Kg3 Ke8 54. e4 Bc4 55. Bc6+ Kf7 56. exd5 1/2-1/2

[Event "European Championship (blitz) 2015"]
[Site "Minsk BLR"]
[Date "2015.12.18"]
[Round "16"]
[White "Riazantsev, Alexander"]
[Black "Bortnyk, Olexandr"]
[Result "1-0"]
[WhiteElo "2646"]
[BlackElo "2552"]
[PlyCount "109"]
[EventDate "2015.12.18"]

1. d4 d6 2. Nf3 Nf6 3. c4 g6 4. g3 Bg7 5. Bg2 O-O 6. O-O Bf5 7. Nc3 Ne4 8. Na4
c5 9. dxc5 dxc5 10. Nh4 Nc6 11. Nxf5 gxf5 12. Bxe4 Qxd1 13. Rxd1 fxe4 14. Nxc5
Rfd8 15. Rxd8+ Rxd8 16. Bg5 Bxb2 17. Rb1 Ba3 18. Nxe4 Rd4 19. Nd2 Bb4 20. Be3
Rxd2 21. Bxd2 Bxd2 22. Rxb7 Ba5 23. e3 f6 24. Kg2 Kf7 25. Rb5 Bb6 26. h4 h6 27.
Kf1 Ke6 28. Rh5 Ne5 29. Rxh6 Nxc4 30. Rh8 Ne5 31. Ke2 Kf5 32. Rc8 Kg6 33. a4
Kf7 34. f4 Ng4 35. e4 e6 36. Rb8 f5 37. Rb7+ Kf8 38. e5 Bc5 39. a5 Bd4 40. a6
Bc5 41. Kf3 Bd4 42. Ke2 Bc5 43. Rc7 Bd4 44. Rd7 Bg1 45. Rc7 Bd4 46. Kd3 Bg1 47.
h5 Nf2+ 48. Kc4 Ne4 49. h6 Kg8 50. Re7 Bf2 51. Rxe6 Nxg3 52. Rf6 Be3 53. e6 Nh5
54. Rf7 Nxf4 55. h7+ 1-0

[Event "European Championship (blitz) 2015"]
[Site "Minsk BLR"]
[Date "2015.12.18"]
[Round "17"]
[White "Riazantsev, Alexander"]
[Black "Zhigalko, Sergei"]
[Result "1-0"]
[WhiteElo "2646"]
[BlackElo "2655"]
[PlyCount "99"]
[EventDate "2015.12.18"]

1. d4 d5 2. c4 e6 3. Nf3 c6 4. Nbd2 f5 5. g3 Nd7 6. Bg2 Bd6 7. O-O Ngf6 8. Ne1
O-O 9. Nd3 Qe7 10. Qc2 Ne4 11. Rb1 a5 12. Nf3 b6 13. Bf4 Ba6 14. Bxd6 Qxd6 15.
cxd5 cxd5 16. Rfc1 Rac8 17. Qd1 h6 18. Nfe5 Bxd3 19. Nxd3 Rc4 20. e3 Rfc8 21.
Bf1 R4c7 22. Rxc7 Rxc7 23. Rc1 Kh7 24. Rc2 Nef6 25. Qc1 Ne8 26. a3 Rxc2 27.
Qxc2 Qc7 28. Qa4 Nd6 29. Nf4 Nf8 30. Qd1 g6 31. h4 Kg7 32. Kg2 Kf7 33. Be2 Nd7
34. Nd3 Ne4 35. Nf4 Nd6 36. Bf1 Ne4 37. Bb5 Nf8 38. Nd3 Nd6 39. Ne5+ Kg7 40.
Qb3 Nf7 41. Nd3 Nd6 42. Ne5 Nf7 43. Nc6 Nd6 44. Ne5 Nf7 45. Nd3 Nd6 46. Nf4 Kf7
47. Qa4 Qb7 48. Nd3 Qc7 49. Ne5+ Kg7 50. Bc6 1-0

[Event "European Championship (blitz) 2015"]
[Site "Minsk BLR"]
[Date "2015.12.18"]
[Round "18"]
[White "Zhigalko, Sergei"]
[Black "Riazantsev, Alexander"]
[Result "1-0"]
[WhiteElo "2655"]
[BlackElo "2646"]
[PlyCount "102"]
[EventDate "2015.12.18"]

1. e4 c6 2. d4 d5 3. e5 Bf5 4. Nf3 e6 5. Be2 Bg6 6. O-O Ne7 7. Nbd2 c5 8. dxc5
Nec6 9. c4 d4 10. Qa4 d3 11. Bd1 Na6 12. b4 Naxb4 13. Rb1 Bxc5 14. a3 Nc2 15.
Rxb7 Qc8 16. Rb5 Be7 17. c5 O-O 18. Nc4 N2d4 19. Nxd4 Nxd4 20. Nd6 Bxd6 21.
Qxd4 Be7 22. Bf3 a6 23. Ra5 Qc7 24. Bd2 Rad8 25. Qc3 f6 26. exf6 Bxf6 27. Qc4
Kh8 28. Rxa6 e5 29. Ba5 Bf7 30. Bxc7 Bxc4 31. Ra4 Bb3 32. Rb4 Rc8 33. Bd6 Bc2
34. Bxf8 Rxf8 35. Be4 Be7 36. Rc4 Rc8 37. c6 Bxa3 38. Ra1 Bb2 39. Ra2 Bd4 40.
c7 h5 41. g3 Bb6 42. Ra3 Rxc7 43. Rxc7 Bxc7 44. Bxd3 Bxd3 45. Rxd3 Bb6 46. Kg2
Kh7 47. Rd5 Bc7 48. Kf3 Kg6 49. Ke4 Kf6 50. Rc5 Bb8 51. Rc6+ Kf7 1-0

[Event "European Championship (blitz) 2015"]
[Site "Minsk BLR"]
[Date "2015.12.18"]
[Round "19"]
[White "Andriasian, Zaven"]
[Black "Riazantsev, Alexander"]
[Result "1-0"]
[WhiteElo "2594"]
[BlackElo "2646"]
[PlyCount "81"]
[EventDate "2015.12.18"]

1. Nf3 d5 2. g3 c6 3. c4 dxc4 4. Bg2 Bf5 5. Na3 e5 6. Nxc4 e4 7. Nh4 Be6 8. Ne3
Nf6 9. O-O Bc5 10. Qc2 Bxe3 11. fxe3 Qd5 12. b3 Nbd7 13. Bb2 O-O 14. d3 exd3
15. exd3 Qg5 16. Rae1 Rfe8 17. Nf3 Qc5 18. Qd2 Rad8 19. Kh1 Qh5 20. Nh4 Ne5 21.
d4 Ng6 22. e4 Nxh4 23. gxh4 Qxh4 24. d5 Ng4 25. Qf4 Bf5 26. h3 cxd5 27. Qxf5
Nh6 28. Qf4 Qxf4 29. Rxf4 f5 30. e5 g5 31. Rd4 Kg7 32. e6 Kg6 33. Rxd5 Rc8 34.
e7 Nf7 35. Rd7 Rc2 36. Bd4 h5 37. Re6+ Kh7 38. Rd5 Rd2 39. Bg1 Rxa2 40. Rxf5
Nh8 41. Be4 1-0

[Event "European Championship (blitz) 2015"]
[Site "Minsk BLR"]
[Date "2015.12.18"]
[Round "20"]
[White "Riazantsev, Alexander"]
[Black "Andriasian, Zaven"]
[Result "1-0"]
[WhiteElo "2646"]
[BlackElo "2594"]
[PlyCount "111"]
[EventDate "2015.12.18"]

1. d4 Nf6 2. c4 c5 3. d5 b5 4. cxb5 a6 5. bxa6 g6 6. Nc3 Bg7 7. e4 O-O 8. Be2
Qa5 9. Bd2 Bxa6 10. e5 Ne8 11. Nf3 d6 12. e6 f5 13. h4 Bxe2 14. Qxe2 Qa6 15. h5
Qxe2+ 16. Kxe2 Bf6 17. hxg6 hxg6 18. Rh6 Na6 19. Rxg6+ Bg7 20. Rh1 Nac7 21. Bg5
Nf6 22. Bh6 Nfe8 23. Rh3 Rf6 24. Rxf6 Bxf6 25. Bd2 Ng7 26. Rg3 Rb8 27. b3 Ra8
28. Kd3 Kh7 29. Ng5+ Kg8 30. Nf7 Na6 31. a3 Nc7 32. a4 Rb8 33. Kc2 Na6 34. Rh3
Ne8 35. Nb5 Kg7 36. Rg3+ Kh7 37. Ng5+ Bxg5 38. Rxg5 f4 39. Rh5+ Kg6 40. Rh8 Kg7
41. Bc3+ Kg6 42. Kd2 Kf5 43. f3 Kg6 44. Rf8 c4 45. b4 Kh7 46. Ke2 Kg6 47. Kf2
Kh7 48. Kg1 Kg6 49. Kh2 Nf6 50. Rxb8 Nxb8 51. Nc7 Nh5 52. a5 Ng3 53. b5 Ne2 54.
a6 Nxa6 55. bxa6 Nxc3 56. a7 1-0

[Event "European Championship (blitz) 2015"]
[Site "Minsk BLR"]
[Date "2015.12.18"]
[Round "21"]
[White "Bortnyk, Mykola"]
[Black "Riazantsev, Alexander"]
[Result "1/2-1/2"]
[WhiteElo "2416"]
[BlackElo "2646"]
[PlyCount "72"]
[EventDate "2015.12.18"]

1. e4 c6 2. d4 d5 3. exd5 cxd5 4. c4 Nf6 5. Nc3 Nc6 6. Nf3 a6 7. h3 g6 8. cxd5
Nxd5 9. Bc4 Nxc3 10. bxc3 Bg7 11. O-O O-O 12. a4 Na5 13. Ba2 Qc7 14. Re1 e6 15.
Qd3 Bd7 16. Ne5 Rac8 17. Bf4 Qd8 18. d5 exd5 19. Bxd5 Be6 20. Bxe6 fxe6 21. Qg3
Qf6 22. Re4 Nc6 23. Rae1 Qf5 24. Qe3 Nxe5 25. Bxe5 Bxe5 26. Rxe5 Qf4 27. Rxe6
Qxe3 28. R1xe3 Rf4 29. Re7 Rf7 30. R7e4 Rfc7 31. Rb4 Rxc3 32. Re7 R3c7 33. Rxb7
Rxe7 34. Rxe7 Rc4 35. a5 Rc5 36. Ra7 Rxa5 1/2-1/2

[Event "European Championship (blitz) 2015"]
[Site "Minsk BLR"]
[Date "2015.12.18"]
[Round "22"]
[White "Riazantsev, Alexander"]
[Black "Bortnyk, Mykola"]
[Result "1-0"]
[WhiteElo "2646"]
[BlackElo "2416"]
[PlyCount "90"]
[EventDate "2015.12.18"]

1. d4 Nf6 2. c4 d6 3. Nc3 Nbd7 4. e4 e5 5. d5 Be7 6. Be3 O-O 7. f3 c6 8. Qd2
cxd5 9. cxd5 a6 10. Nh3 b5 11. Nf2 Bb7 12. Be2 Rc8 13. O-O Ne8 14. Nd3 f5 15.
a4 fxe4 16. fxe4 Rxf1+ 17. Bxf1 Nef6 18. axb5 axb5 19. Ra7 Ba8 20. h3 Qe8 21.
Nb4 Nc5 22. Bxb5 Ncxe4 23. Nxe4 Qxb5 24. Ng3 Bf8 25. Ra1 Nxd5 26. Rxa8 Rxa8 27.
Qxd5+ Qxd5 28. Nxd5 Ra5 29. Nc3 d5 30. Bd2 Bb4 31. Kf1 g6 32. Ke2 Kf7 33. Nd1
Rb5 34. Bc1 e4 35. Ne3 Ke6 36. Nc2 Bc5 37. b4 Ba7 38. Be3 Bxe3 39. Kxe3 Ke5 40.
Ne2 Rb8 41. Ned4 Rc8 42. b5 Rc3+ 43. Kd2 Rd3+ 44. Ke2 Kd6 45. b6 Rc3 1-0

[Event "European Championship (blitz) 2015"]
[Site "Minsk BLR"]
[Date "2015.12.18"]
[Round "1"]
[White "Koziej, Maciej"]
[Black "Navara, David"]
[Result "0-1"]
[WhiteElo "1997"]
[BlackElo "2730"]
[PlyCount "84"]
[EventDate "2015.12.18"]

1. e4 c5 2. Nf3 e6 3. d4 cxd4 4. Nxd4 Nc6 5. Nc3 a6 6. f4 Qc7 7. Nf3 Bc5 8. Bd3
d6 9. Qe2 b5 10. Be3 Nge7 11. O-O Qa7 12. Bxc5 dxc5 13. Qf2 c4 14. Be2 Ng6 15.
g3 Qxf2+ 16. Kxf2 Bb7 17. a4 b4 18. Nd1 Na5 19. e5 O-O 20. Ne3 Rac8 21. Rfd1
Rc7 22. Rd4 Rfc8 23. Rad1 Kf8 24. Rd7 Ke8 25. Rxc7 Rxc7 26. Rd4 c3 27. b3 Nc6
28. Rd6 Nge7 29. Nc4 Nf5 30. g4 Nxd6 31. Nxd6+ Ke7 32. Nxb7 Rxb7 33. Bxa6 Rb8
34. Bb5 Na5 35. Nd4 Rd8 36. Ke3 f6 37. exf6+ gxf6 38. g5 fxg5 39. fxg5 e5 40.
Nf5+ Ke6 41. Ke4 Rd2 42. Ne3 Rxh2 0-1

[Event "European Championship (blitz) 2015"]
[Site "Minsk BLR"]
[Date "2015.12.18"]
[Round "2"]
[White "Navara, David"]
[Black "Koziej, Maciej"]
[Result "1-0"]
[WhiteElo "2730"]
[BlackElo "1997"]
[PlyCount "55"]
[EventDate "2015.12.18"]

1. d4 f5 2. g3 Nf6 3. Bg2 e6 4. c4 d5 5. Bf4 c6 6. Nd2 Be7 7. Ngf3 O-O 8. O-O
Nbd7 9. Ng5 Nb8 10. Qc2 Ng4 11. Ngf3 g5 12. Bxb8 Rxb8 13. Rab1 Qe8 14. b4 Bd7
15. h3 Nh6 16. Ne5 Nf7 17. Nxd7 Qxd7 18. b5 cxb5 19. Rxb5 Nd6 20. Rb3 dxc4 21.
Nxc4 Rfc8 22. Rc3 Nb5 23. Qa4 a6 24. Nb6 Qd8 25. Rxc8 Rxc8 26. Nxc8 Qxc8 27. e3
Qc3 28. Bxb7 1-0

[Event "European Championship (blitz) 2015"]
[Site "Minsk BLR"]
[Date "2015.12.18"]
[Round "3"]
[White "Navara, David"]
[Black "Trifonov, Denis"]
[Result "1-0"]
[WhiteElo "2730"]
[BlackElo "2198"]
[PlyCount "27"]
[EventDate "2015.12.18"]

1. e4 e5 2. Nf3 d6 3. d4 exd4 4. Nxd4 Nf6 5. Nc3 Be7 6. g3 d5 7. e5 Ng4 8. Bg2
c6 9. f4 f6 10. e6 Nh6 11. Qh5+ Kf8 12. f5 Qe8 13. Qh4 Bb4 14. Bxh6 1-0